Necessity for choice: prospects of American foreign policy (Record no. 369418)

000 -LEADER
fixed length control field 00484cam a22001457a 4500
008 - FIXED-LENGTH DATA ELEMENTS--GENERAL INFORMATION
fixed length control field 180718b1961 xxu||||| |||| 00| 0 eng d
082 ## - DEWEY DECIMAL CLASSIFICATION NUMBER
Classification number Dx73 K643n
100 ## - MAIN ENTRY--PERSONAL NAME
Personal name Kissinger, Henry A.
245 ## - TITLE STATEMENT
Title Necessity for choice: prospects of American foreign policy
Statement of responsibility, etc. by Henry A. Kissinger
260 ## - PUBLICATION, DISTRIBUTION, ETC.
Place of publication, distribution, etc. New York
Name of publisher, distributor, etc. Harper
Date of publication, distribution, etc. 1961
300 ## - PHYSICAL DESCRIPTION
Extent 370p.
650 ## - SUBJECT ADDED ENTRY--TOPICAL TERM
Topical term or geographic name entry element United States --Military policy
650 ## - SUBJECT ADDED ENTRY--TOPICAL TERM
Topical term or geographic name entry element United States --Foreign relations --1953-1961
650 ## - SUBJECT ADDED ENTRY--TOPICAL TERM
Topical term or geographic name entry element World politics --1955-1965
Holdings
Withdrawn status Lost status Damaged status Not for loan Permanent Location Current Location Date acquired Full call number Barcode Date last seen Price effective from Koha item type
        Indian Institute of Public Administration Indian Institute of Public Administration 1994-06-01 Dx73 K643n 25768 2018-07-21 2018-07-21 Book

Powered by Koha